US Geography by letter - S - Statistics

General Stats
  • This quiz has been taken 543 times
  • The average score is 9 of 14
Answer Stats
Hint Answer % Correct
The city that has the famous Golden Gate bridge San Francisco
97%
The state where Mt Rushmore is located South Dakota
95%
The largest of The Great Lakes of North America Lake Superior
94%
The biggest city in Washington Seattle
92%
This state's capital is Columbia South Carolina
92%
Famous Landmark in New York Statue Of Libery
89%
The capital of Oregon Salem
85%
A city in south central Texas San Antonio
80%
A mountain range mainly located in California Sierra Nevada
63%
A river named after an animal with no legs Snake River
51%
A desert in California, Arizona and Mexico Sonoran Desert
25%
The tallest waterfall in Idaho Shoshone Falls
5%
The county that Illinois' capital, Springfield is located Sangamon
4%
Mountain situated on the Yukon and Alaska border Mount Saint Elias
2%
No matching quizzes found
Score Distribution
Percent of People with Each Score
Percentile by Number Answered
Your Score History
You have not taken this quiz